| 000 | 00347nam a2200109 4500 | ||
|---|---|---|---|
| 999 |
_c12447 _d12447 |
||
| 008 | 190125b ||||| |||| 00| 0 eng d | ||
| 245 | _aFacebook post hints at motive of attack at busy Toronto street. | ||
| 260 |
_aPhilippines _bThe Philippine Star _cc2018 |
||
| 300 | _apage B1. | ||
| 650 | 0 |
_935095 _aElectronic discussion groups. |
|
| 942 |
_2ddc _cPER |
||